Statistiques concernant Top 15 des pays avec les décès de Covid-19 - 30 mai

Cliquez ici pour prendre le quiz!

Statistiques générales

  • Ce quiz a été pris 26 fois
  • Le résultat moyen est 16 sur 21

Statistiques - réponses

pays% Correct
Chine
100%
Italie
100%
Espagne
96%
Etats-Unis
96%
France
96%
Portugal
96%
Allemagne
92%
Brésil
92%
Royaume-Uni
88%
Canada
84%
Russie
84%
Belgique
76%
Inde
76%
Mexique
76%
Suède
68%
Iran
64%
Suisse
64%
Irlande
60%
Pays-Bas
52%
Pérou
44%
Équateur
28%

Distribution des résultats

Percentile par nombre de réponses

% des personnes avec chaque résultat

Votre développement - résultats

Vous n’avez pas pris ce quiz